عرض عادي
عرض مارك
- الفخر الرازي، محمد بن عمر بن الحسن،
مدخل إسم شخص
عدد التسجيلات المستخدمة في: 29
001 - رقم الضبط
- حقل الضبط: 59611
003 - معرف رقم الضبط
- حقل الضبط: OSt
005 - تاريخ ووقت أخر عملية
- حقل الضبط: 20170919153752.0
008 - عناصر بيانات ثابتة الطول
- حقل تحكم ثابت الطول: 170919|| aca||aabn | a|a d
040 ## - مصدر الفهرسة
- هيئة الفهرسة الأصلية: OSt
- وكالة الكتابة: OSt
100 ## - مدخل -- أسم شخص
- إسم شخص: الفخر الرازي، محمد بن عمر بن الحسن،
- تواريخ مرتبطة بالاسم: 544-606 هـ.
- عنوان العمل: تفسير الفخر الرازي، المشتهر، بالتفسير الكبير ومفاتيح الغيب.
670 ## - بيانات المصدر موجوده
- الاستشهاد بالمصدر: Work cat.: (OSt): 53479 النجمي، إيهاب سعيد, تعدد المعنى في النص القرآني :, 2016.
